Politická a hodnotová polarizácia študujúcej mládeže na Slovensku

Podrobná bibliografia
Hlavný autor: Macháček, Ladislav, 1942-2015 (Autor)
Médium: Článok
Jazyk:slovenčina
ISSN:1335-1109
Predmet:

MARC

LEADER 00000nab a2200000 a 4500
001 vtls009335324
003 SK-MaSNL
005 20260426085534.0
008 250507c2008 xo mr|p|||||||000 b|slo
015 |a SNBRB2008/08  |2 snkbucl 
035 |a (uuid)d312a633-7809-42db-b0a6-2abdb4c89ef1 
035 |a urn:nbn:sk:snk-ab2x6f 
035 |a (urnnbn)urn:nbn:sk:snk:ar-a03251 
038 |a SNKBUCL 
040 |a SNKBUCL  |b slo  |c SNKBUCL  |e AACR2 
041 0 |a slo  |b eng  |b slo 
044 |a xo  |c SK 
080 |a 37.011.3-052  |x (437.6)  |2 2001 
080 |a 32  |2 2001 
080 |a 316.752  |2 2001 
080 |a 17.022.1  |2 2001 
100 1 |a Macháček, Ladislav,  |d 1942-2015  |4 aut 
245 1 0 |a Politická a hodnotová polarizácia študujúcej mládeže na Slovensku  |c Ladislav Macháček 
504 |a Bibliogr. odkazy 
546 |a Res. angl., slov. 
650 0 7 |a študenti  |2 snkbucl  |9 3979 
650 0 7 |a politika  |2 snkbucl  |9 968 
650 0 7 |a hodnoty  |2 snkbucl  |9 2081 
650 0 7 |a mládež  |2 snkbucl  |9 1575 
651 7 |a Slovensko  |2 snkbucl  |9 14231 
773 0 |t Mládež a spoločnosť  |g Roč. XIV, č. 1 (2008), s. 35-48  |x 1335-1109 
850 |a Slovenská národná knižnica 
852 |a Slovenská národná knižnica 
954 |a odborná, vedecká literatúra pôvodná (slovenská)  |2 lita 
958 |a article27 
958 |a SK 
958 |a NB 
958 |a OND 
958 |a EUIPO 
999 |c 2967390  |d 2969320